[Event "It (open)"]
[Site "masterchessopen.com Salou (Spain)"]
[Date "2006.06.08"]
[Round "2"]
[White "Aloma Vidal Robert (ESP)"]
[Black "Spraggett Kevin (CAN)"]
[Result "0-1"]
[WhiteElo "2337"]
[BlackElo "2610"]

1.d4 Nf6 2.c4 e6 3.Nc3 Bb4 4.e3 O-O 5.Bd3 d5 6.Nf3 c5 7.O-O dxc4 8.Bxc4 Nbd7
9.Qe2 b6 10.Rd1 cxd4 11.Rxd4 Bxc3 12.bxc3 Qc7 13.e4 e5 14.Rd1 Nc5 15.Bd5 Ba6
16.c4 Nxd5 17.exd5 f6 18.Be3 Rac8 19.Rac1 Qd7 20.Qc2 e4 21.Nd2 Nd3 22.Rb1 Qxd5
23.cxd5 Rxc2 24.Nxe4 Rd8 25.Rb3 Rxa2 26.h3 Ne5 27.Nc3 Ra5 28.d6 Rd7 29.Nd5 Kf7
30.Nc7 Nc4 31.Bf4 Bb7 32.Rd4 Ne5 33.Bxe5 fxe5 34.Rd2 e4 35.Kh2 Kf6 36.Ne8+ Kf7
37.Nc7 g6 38.Rb4 Kf6 39.Rdd4 Ke5 40.Nb5 Rxb5 {#R} 0-1

[Event "It (open)"]
[Site "masterchessopen.com Montpellier (France)"]
[Date "2006.07.10"]
[Round "3"]
[White "Laclau Daniel (FRA)"]
[Black "Gajewski Grzegorz (POL)"]
[Result "0-1"]
[WhiteElo "2260"]
[BlackElo "2515"]

1.d4 Nf6 2.c4 e6 3.Nf3 d5 4.Nc3 Bb4 5.e3 O-O 6.Bd3 c5 7.O-O dxc4 8.Bxc4 Nbd7
9.Qe2 b6 10.Rd1 Bb7 11.d5 Bxc3 12.dxe6 Bxf3 13.gxf3 fxe6 14.Bxe6+ Kh8 15.bxc3
Qe8 16.Bxd7 Nxd7 17.c4 Ne5 18.f4 Qg6+ {#R} 0-1

[Event "It (w)"]
[Site "masterchessopen.com Biel (Switzerland)"]
[Date "2006.07.27"]
[Round "4"]
[White "Atalik Ekaterina (TUR)"]
[Black "Cramling Pia (SWE)"]
[Result "0-1"]
[WhiteElo "2374"]
[BlackElo "2528"]

1.d4 Nf6 2.c4 e6 3.Nc3 Bb4 4.e3 O-O 5.Bd3 d5 6.Nf3 c5 7.O-O dxc4 8.Bxc4 Nbd7
9.a3 cxd4 10.Ne2 Bd6 11.Nexd4 Nb6 12.Ba2 Bd7 13.Bb1 Qc7 14.e4 e5 15.Ne2 Bb5
16.Bd3 Bxd3 17.Qxd3 Nbd7 18.Be3 Nc5 19.Bxc5 Bxc5 20.Rac1 Qe7 21.Ng3 Rfd8
22.Qb5 Rac8 23.Nf5 Qf8 24.Qxb7 Rb8 25.Qa6 Rxb2 26.Nh6+ gxh6 27.Qxf6 Qd6 28.Qh4
Bb6 29.Qg3+ Kf8 30.Kh1 Rb3 31.a4 Ra3 32.Qg4 Qg6 33.Qh4 Rxa4 34.Nxe5 Qg5 35.Qg3
Rxe4 36.Qa3+ Kg8 37.Nc6 Rde8 38.Nxa7 Bxa7 39.f4 Qe7 40.Qg3+ Kh8 41.f5 Qg5 {#R}
0-1

[Event "It (a)"]
[Site "masterchessopen.com Haarlem (Netherlands)"]
[Round "3"]
[White "Abeln Michiel (NED)"]
[Black "Van Der Stricht Geert (BEL)"]
[Result "0-1"]
[WhiteElo "2380"]
[BlackElo "2414"]

1.d4 Nf6 2.c4 e6 3.Nc3 Bb4 4.e3 O-O 5.Bd3 d5 6.Nf3 c5 7.O-O dxc4 8.Bxc4 Nbd7
9.a3 Ba5 10.Qe2 cxd4 11.exd4 Bxc3 12.bxc3 b6 13.Bd3 Bb7 14.Bg5 Qc7 15.Rac1
Rfe8 16.Rfe1 Qd6 17.a4 Rac8 18.Bh4 Qf4 19.Bg3 Qg4 20.Qe3 Qh5 21.c4 Red8
22.Red1 Bxf3 23.gxf3 Qa5 24.Ra1 Nf8 25.Rdb1 Ng6 26.Be2 Ne7 27.Be5 Nf5 28.Qf4
Nd7 29.Rb5 Qc3 30.Rc1 Qa3 31.Rd1 Nxe5 32.Qxe5 Qxa4 33.Rbb1 Qd7 34.d5 exd5
35.Rxd5 Qe6 36.Qxf5 Qxe2 37.c5 g6 38.Rxd8+ Rxd8 39.cxb6 gxf5 {#R} 0-1

[Event "It (sheveningen)"]
[Site "masterchessopen.com Amsterdam (Netherlands)"]
[Date "2006.08.27"]
[Round "8"]
[White "Jussupow Artur (GER)"]
[Black "Carlsen Magnus (NOR)"]
[Result "0-1"]
[WhiteElo "2600"]
[BlackElo "2698"]

1.d4 Nf6 2.c4 e6 3.Nc3 Bb4 4.e3 O-O 5.Bd3 d5 6.Nf3 c5 7.O-O dxc4 8.Bxc4 Nbd7
9.a3 Ba5 10.Bd2 cxd4 11.exd4 Bxc3 12.bxc3 b6 13.Qe2 Bb7 14.Bd3 Qc7 15.Rfe1
Rfe8 16.c4 Rad8 17.Bg5 Nf8 18.Bxf6 gxf6 19.Be4 Bxe4 20.Qxe4 Qxc4 21.Qg4+ Kh8
22.Qh4 Kg7 23.Qg4+ Ng6 24.h4 Kh8 25.h5 Ne7 26.Rac1 Qd5 27.Qh4 Qf5 28.Rc7 Rg8
29.Nh2 Nd5 30.Rxf7 a5 31.g3 b5 32.Qe4 Qxh5 33.Qxe6 b4 34.axb4 axb4 35.Re7 Qg6
36.Rd7 { ? } ( 36.Rf7 b3 37.Nf3 b2 38.Rb7 Qh5 { } ) 36...Nf4 37.Qd6 Nh3+
38.Kg2 Rxd7 39.Qxd7 Nxf2 40.Nf1 Nd3 41.Re3 b3 42.Qd6 b2 43.Nd2 h6 44.Kg1 Qf5
45.Kh1 Nf2+ 46.Kg2 Ne4 47.Rxe4 b1=Q 48.Rf4 Qb7+ { } {#R} 0-1

[Event "Ch England (team) 2006/07 (3 div)"]
[Site "masterchessopen.com England"]
[Date "2006.09.17"]
[Round "2"]
[White "Owens Megan R (WLS)"]
[Black "Mackenzie Colin (ENG)"]
[Result "0-1"]
[WhiteElo "1824"]
[BlackElo "2135"]

1.d4 e6 2.c4 Nf6 3.Nc3 Bb4 4.Nf3 c5 5.e3 O-O 6.Bd3 d5 7.O-O dxc4 8.Bxc4 Nbd7
9.Qc2 b6 10.Bd2 Bb7 11.Be2 Rc8 12.Rac1 cxd4 13.exd4 Ne4 14.Qb3 Nxd2 15.Nxd2
Bxc3 16.Rxc3 Nc5 17.dxc5 Qxd2 18.Bd1 Qg5 19.Rg3 Qxc5 20.Bf3 Ba6 21.Re1 Rfd8
22.h4 Rd2 23.Qe3 Rxb2 24.Qxc5 Rxc5 25.Rd1 Rc8 26.a3 Rbc2 27.Rg4 Rc1 28.Rd4
Rxd1+ 29.Rxd1 Bb5 30.Bb7 Rb8 31.f3 f5 32.Rb1 Rxb7 33.Rxb5 Rc7 34.Re5 Kf7 35.a4
Rc5 36.Rxc5 bxc5 37.Kf2 e5 38.Ke3 Ke6 39.g3 Kd5 40.Kd3 c4+ 41.Ke3 h5 42.a5 a6
43.Ke2 Kd4 44.Kd2 c3+ 45.Ke2 Kc4 46.f4 exf4 47.gxf4 Kb3 48.Kd1 Kb2 {#R} 0-1

[Event "It (open)"]
[Site "masterchessopen.com Gausdal (Norway)"]
[Date "2006.09.25"]
[Round "2"]
[White "Hillarp Persson Tiger (SWE)"]
[Black "Hammer Jon Ludvig (NOR)"]
[Result "1-0"]
[WhiteElo "2557"]
[BlackElo "2380"]

1.d4 Nf6 2.c4 e6 3.Nc3 Bb4 4.e3 O-O 5.Bd3 d5 6.Nf3 c5 7.O-O dxc4 8.Bxc4 Nbd7
9.a3 Ba5 10.Rb1 cxd4 11.exd4 Bxc3 12.bxc3 Qc7 13.Bd3 Qxc3 14.Rb3 Qc7 15.Ne5
Nb6 16.Bg5 Nbd5 17.Bb1 b6 18.Rh3 g6 19.Qf3 Nd7 20.Rxh7 Kxh7 21.Qh5+ Kg8
22.Nxg6 f5 23.Ba2 N7f6 24.Qh8+ Kf7 25.Qxf8+ Kxg6 26.Qh6+ Kf7 27.Bxd5 Nxd5
28.Qh7+ Kf8 29.Qh8+ Kf7 30.Qh7+ Kf8 31.Qh8+ Kf7 32.Rc1 Qd6 33.Qh7+ Kf8 34.Qh8+
Kf7 35.Qh7+ Kf8 36.Bh6+ Ke8 37.Qg8+ Kd7 38.Bg5 Ne7 39.Qf7 Qxa3 40.d5 exd5
41.Re1 Kc6 42.Qe8+ Kb7 43.Rxe7+ Ka6 44.Re1 Qa5 45.Rc1 d4 46.Qc6 Rb8 47.Qc4+
Kb7 48.Qc7+ Ka8 49.Bf4 {#r} 1-0

[Event "Ch World (juniors) (under 16) (g)"]
[Site "masterchessopen.com Batumi (Georgia)"]
[Date "2006.10.21"]
[Round "3"]
[White "Li Panru (CHN)"]
[Black "Bokuchava Madona (GEO)"]
[Result "1-0"]
[WhiteElo "2135"]
[BlackElo "2071"]

1.d4 Nf6 2.c4 e6 3.Nc3 Bb4 4.e3 O-O 5.Bd3 d5 6.Nf3 c5 7.O-O dxc4 8.Bxc4 Nbd7
9.a3 cxd4 10.exd4 Bxc3 11.bxc3 Qc7 12.Qb3 Nb6 13.Bd3 Bd7 14.Ne5 Rac8 15.c4 Bc6
16.Bf4 Qd8 17.Nxc6 bxc6 18.Rad1 Kh8 19.c5 Qd5 20.Qc2 Nbd7 21.Bc4 Qe4 22.Qxe4
Nxe4 23.Ba6 Rcd8 24.Bb7 e5 25.dxe5 Ndxc5 26.Bxc6 Nc3 27.Rxd8 Rxd8 28.Be3 Nd3
29.f4 Rc8 30.Bb7 Rc7 31.Ba6 Nb2 32.Bd4 h6 33.f5 Nba4 34.e6 fxe6 35.fxe6 Nd5
36.Rf8+ Kh7 37.Bd3+ {#r} 1-0

[Event "Ch World (juniors) (under 16)"]
[Site "masterchessopen.com Batumi (Georgia)"]
[Date "2006.10.25"]
[Round "7"]
[White "Jorczik Julian (GER)"]
[Black "Can Emre (TUR)"]
[Result "1-0"]
[WhiteElo "2207"]
[BlackElo "2399"]

1.d4 Nf6 2.c4 e6 3.Nf3 d5 4.Nc3 Bb4 5.e3 O-O 6.Bd3 c5 7.O-O dxc4 8.Bxc4 Nbd7
9.a3 cxd4 10.exd4 Bxc3 11.bxc3 Qc7 12.Qb3 b6 13.Be2 Bb7 14.c4 h6 15.a4 Rfd8
16.Bb2 Rac8 17.a5 Ne4 18.axb6 axb6 19.Ra7 Ra8 20.Rfa1 Qc6 21.Bf1 Nd6 22.Qc3 f6
23.Qb3 Rxa7 24.Rxa7 Kf7 25.d5 exd5 26.Nd4 Qc5 27.Qh3 Nf8 28.Nf5 Qc6 29.cxd5
Qc7 30.Qg3 {#r} 1-0

[Event "Bundesliga 2006/07"]
[Site "masterchessopen.com Germany"]
[Date "2006.10.28"]
[Round "1"]
[White "Ivanchuk Vassily (UKR)"]
[Black "Aronian Levon (ARM)"]
[Result "1-0"]
[WhiteElo "2741"]
[BlackElo "2741"]

1.d4 Nf6 2.c4 e6 3.Nf3 d5 4.Nc3 Bb4 5.e3 O-O 6.Bd3 c5 7.O-O dxc4 8.Bxc4 Nbd7
9.Qb3 a6 10.a4 Qe7 11.Rd1 Rb8 12.Qc2 b6 13.Qe2 Ra8 14.Na2 Bb7 15.Nxb4 cxb4
16.Bd3 Ne4 17.Nd2 f5 18.Nc4 Rac8 19.f3 Nd6 20.Nxd6 Qxd6 21.Bxa6 Bxa6 22.Qxa6
e5 23.Bd2 exd4 24.Qb5 Qe6 25.exd4 Rc2 26.Qxb4 Nf6 27.Re1 Qc4 28.Qxc4+ Rxc4
29.Re5 Rd8 30.Rxf5 Rc2 31.Bc3 Nd5 32.Re1 g6 33.Rfe5 Nf4 34.g3 Nh3+ 35.Kh1 Nf2+
36.Kg2 Ne4+ 37.Kh3 Nxc3 38.bxc3 Rxc3 39.f4 Rxd4 40.Re8+ Kf7 41.R1e7+ Kf6
42.Rxh7 Rxa4 {#r} 1-0

[Event "Extra League 2006/07"]
[Site "masterchessopen.com Czech Republic"]
[Date "2006.12.17"]
[Round "5"]
[White "Babula Vlastimil (CZE)"]
[Black "Markos Jan (SVK)"]
[Result "1-0"]
[WhiteElo "2584"]
[BlackElo "2538"]

1.d4 Nf6 2.c4 e6 3.Nc3 Bb4 4.e3 O-O 5.Bd3 d5 6.Nf3 c5 7.O-O dxc4 8.Bxc4 Nbd7
9.Qb3 Qe7 10.Rd1 a6 11.a4 b6 12.d5 exd5 13.Bxd5 Ra7 14.e4 Ne5 15.Bf4 Nxf3+
16.gxf3 Kh8 17.Bc4 Rd7 18.Rxd7 Qxd7 19.Rd1 Qh3 20.Bg3 Qh5 21.Ne2 Nd7 22.Nf4
Qg5 23.Nd5 Ba5 24.f4 Qh6 25.Ne7 Nf6 26.Nxc8 Rxc8 27.e5 Nh5 28.Bxa6 Rf8 29.Qxf7
g6 30.Qe7 b5 31.Qxc5 Nxf4 32.e6 Nxe6 33.Qe5+ Ng7 34.Bxb5 Bd2 35.Qd6 {#r} 1-0

[Event "Ch Belarus"]
[Site "masterchessopen.com Minsk (Belarus)"]
[Date "2007.01.16"]
[Round "7"]
[White "Aleksandrov Aleksej (BLR)"]
[Black "Zhigalko Andrey (BLR)"]
[Result "1-0"]
[WhiteElo "2614"]
[BlackElo "2554"]

{ Aleksandrov Aleksej (BLR) +1 =4 -3 } 1.d4 Nf6 2.c4 e6 3.Nc3 Bb4 4.e3 O-O
5.Bd3 c5 6.Nf3 d5 7.O-O dxc4 8.Bxc4 Nbd7 9.Qb3 { = } ( 9.a3 Ba5 10.Bd2 cxd4
11.Nxd4 Ne5 12.Be2 Bd7 13.Qb3 Nc6 14.Nf3 Qe7 15.Rfd1 Rfd8 16.Qa4 Bc7 17.Nb5
Bb6 18.Qh4 h6 19.Be1 Be8 20.Nd2 a6 21.Nc3 Nd5 22.Qxe7 Ncxe7 23.Nxd5 { 1/2-1/2,
Aleksandrov Aleksej 2634 - Adams Michael 2720 , Turin 31. 5.2006 Olympiad } )
9...b6 ( 9...a6 10.a4 Qe7 11.Rd1 h6 12.Bd2 Rb8 13.a5 b5 14.axb6 Rxb6 15.Qc2
Bb7 16.Na4 Bxf3 17.gxf3 Rbb8 18.dxc5 Nxc5 19.Be2 Ncd7 20.Bxb4 Rxb4 21.Qd2 Rfb8
22.Qd6 Qe8 23.Rd4 a5 24.Rxb4 Rxb4 25.Qc7 Qa8 26.Nc3 Rxb2 27.Rxa5 Qf8 28.Bb5
Rd2 29.Bxd7 { ...1/2-1/2, Portisch Lajos 2525 - Beliavsky Alexander G 2660 ,
Paks 8. 6.2004 Memorial Gyorgy Marx (cat.14) } ) 10.Rd1 ( 10.d5 Bxc3 11.dxe6
Ba5 12.exd7 Bxd7 13.Ne5 Be8 14.a4 Qc7 15.f4 Rd8 16.Rd1 Rxd1+ 17.Qxd1 Bc6
18.Nxc6 Qxc6 19.Ra3 Qe4 20.Qd3 Qe7 21.Qe2 Qe4 22.Qd3 Qb7 23.Qe2 Qe4 24.Qd3 {
1/2-1/2, Vaisser Anatoly 2574 - Adams Michael 2718 , France 6. 5.2005 Ch
France (team) 2005 } ) 10...Bb7 11.a3 { N } ( 11.Ne2 a5 12.a3 a4 13.Qc2 Ba5
14.Qxa4 Qc7 15.Qb3 Bc6 16.Bb5 Bd5 17.Bc4 Bc6 18.Ng3 Qb7 19.Be2 cxd4 20.Rxd4 e5
21.Rh4 Bd5 22.Qd1 Rfd8 23.Qf1 e4 24.Nd4 Ne5 25.Nh5 Nxh5 26.Rxh5 Qe7 27.b4 Bxb4
28.Bb2 Bd6 29.Nf5 Qe6 30.Nxd6 Nf3+ { ...1-0, Uusi Gunnar 2410 - Roizman Abram
Y 2315 , Minsk 1957 Ch URS (1/4 final) } ) ( 11.Nb5 Qb8 12.h3 a6 13.Nc3 b5
14.Be2 Ba5 15.dxc5 Nxc5 16.Qa3 Bb6 17.Bd2 e5 18.Be1 e4 19.Nh2 Qe5 20.b4 Ne6
21.Rac1 Ng5 22.Nb1 Bc7 23.Nf1 Nf3+ 24.Bxf3 exf3 25.Rc5 Qe7 26.gxf3 Bxf3
27.Rdc1 Bd6 28.R5c2 Ne4 29.Ng3 Qh4 30.Qd3 Qxh3 { ...0-1, Uusi Gunnar 2410 -
Gipslis Aivars 2429 , Moscow 1959 Olympiad URS } ) ( 11.d5 b5 12.Bxb5 exd5
13.Na4 Rb8 14.a3 Ba5 15.Qc2 Qe7 16.b3 Rfc8 17.Bb2 d4 18.Qe2 dxe3 19.Bc4 exf2+
20.Qxf2 Ng4 21.Qg3 Qe3+ 22.Kf1 Ndf6 23.Bxf6 Bxf3 24.gxf3 Nxf6 25.Rd3 Qh6 26.h4
Ne4 27.Bxf7+ Kxf7 28.fxe4 Kg8 29.Rad1 Bd8 30.Rf3 Bxh4 { ...0-1, Sandklef Ake
2081 - Palm Hans, corr. 1978 Europe Tournament (corr.) } ) 11...Bxc3 { -0.15
CAP } 12.bxc3 Qc7 13.Be2 Rac8 14.a4 Ne4 15.Re1 e5 16.a5 cxd4 17.cxd4 Nc3
18.axb6 axb6 19.Bf1 Bxf3 20.gxf3 exd4 21.exd4 Nf6 { ?! } ( 21...Qc6 { !? }
22.Bd2 Nd5 23.Bd3 N7f6 24.Re5 Ra8 25.Rxa8 Qxa8 26.Kg2 Rd8 { } ) 22.Ba3 Rfe8
23.Rxe8+ Rxe8 24.Rc1 Nfd5 25.Bb2 Rc8 26.Ba6 Qc6 27.Rxc3 Qg6+ 28.Kh1 Rxc3
29.Bxc3 Nxc3 30.Qxc3 Qb1+ 31.Kg2 Qg6+ 32.Kf1 Qb1+ 33.Qe1 { } {#r} 1-0

[Event "It (open) \"]
[Site "masterchessopen.com Moscow (Russia)"]
[Date "2007.02.17"]
[Round "4"]
[White "Aleksandrov Aleksej (BLR)"]
[Black "Gashimov Vugar (AZE)"]
[Result "1-0"]
[WhiteElo "2614"]
[BlackElo "2663"]

{ Aleksandrov Aleksej (BLR) +2 =4 -3 } 1.d4 Nf6 2.c4 e6 3.Nc3 Bb4 4.e3 O-O
5.Bd3 d5 6.Nf3 { ? } ( 6.a3 Bxc3+ 7.bxc3 dxc4 8.Bxc4 c5 9.Ne2 Nc6 10.a4 b6
11.Ba3 Qc7 12.Rc1 Rd8 13.Ng3 Bb7 14.O-O Ne5 15.Be2 Ng6 16.Qb3 Rac8 17.Rfd1 Bd5
18.Qb1 Qc6 19.Bb5 Qb7 20.f3 Bc6 21.dxc5 Rxd1+ 22.Rxd1 bxc5 23.e4 a6 24.Bf1 Qa7
25.a5 Rb8 { ...1/2-1/2, Sokolov Ivan 2670 - Leko Peter 2741 , Odessa 5. 1.2007
Cup World (active) ACP } ) 6...c5 { ? } ( 6...Nbd7 7.O-O dxc4 8.Bxc4 Bd6 9.e4
e5 10.Bg5 h6 11.Bh4 a6 12.Rc1 exd4 13.Qxd4 g5 14.Bg3 Bxg3 15.hxg3 Nb6 16.Nd5
Nbxd5 17.exd5 Qd6 18.Bb3 Re8 19.Qc5 Re7 20.Nd4 Qxc5 21.Rxc5 Kf8 22.Rfc1 Ne8
23.f3 Bd7 24.Kf2 Rd8 25.g4 { 1/2-1/2, Babula Vlastimil 2565 - Epishin Vladimir
2583 , Graz 2001 It (open) } ) 7.O-O dxc4 8.Bxc4 Nbd7 9.Qb3 { = } ( 9.a3 Ba5
10.Bd2 cxd4 11.Nxd4 Ne5 12.Be2 Bd7 13.Qb3 Nc6 14.Nf3 Qe7 15.Rfd1 Rfd8 16.Qa4
Bc7 17.Nb5 Bb6 18.Qh4 h6 19.Be1 Be8 20.Nd2 a6 21.Nc3 Nd5 22.Qxe7 Ncxe7 23.Nxd5
{ 1/2-1/2, Aleksandrov Aleksej 2634 - Adams Michael 2720 , Turin 31. 5.2006
Olympiad } ) 9...Qe7 ( 9...a6 10.a4 Qe7 11.Rd1 h6 12.Bd2 Rb8 13.a5 b5 14.axb6
Rxb6 15.Qc2 Bb7 16.Na4 Bxf3 17.gxf3 Rbb8 18.dxc5 Nxc5 19.Be2 Ncd7 20.Bxb4 Rxb4
21.Qd2 Rfb8 22.Qd6 Qe8 23.Rd4 a5 24.Rxb4 Rxb4 25.Qc7 Qa8 26.Nc3 Rxb2 27.Rxa5
Qf8 28.Bb5 Rd2 29.Bxd7 { ...1/2-1/2, Portisch Lajos 2525 - Beliavsky Alexander
G 2660 , Paks 8. 6.2004 Memorial Gyorgy Marx (cat.14) } ) 10.Rd1 ( 10.Bd2 b6
11.a3 Bxc3 12.Bxc3 Bb7 13.Rfd1 Rfd8 14.a4 Ne4 15.a5 Nxc3 16.bxc3 Bxf3 17.gxf3
cxd4 18.cxd4 Qg5+ 19.Kh1 Qh5 20.Kg2 Qg5+ 21.Kh1 bxa5 22.Qb5 Qh4 23.Kg2 Nb6
24.Rxa5 Rab8 25.Bb3 Nd5 26.Qd3 Qg5+ 27.Kh1 Qf6 28.Kg2 Qg5+ 29.Kh1 Qf6 {
...0-1, Ivanov Sergey_ 2553 - Motylev Alexander 2651 , Krasnoyarsk 2003 Ch
Russia } ) ( 10.a3 { +0.41 CAP } ) 10...Nb6 ( 10...cxd4 11.exd4 Nb6 12.Bd3 Bd7
13.Bg5 Bxc3 14.Qxc3 Rfc8 15.Qd2 Nbd5 16.Ne5 Ba4 17.b3 Be8 18.Ng4 a5 19.Nxf6+
Nxf6 20.Re1 Qb4 21.Qf4 Rc3 22.Bxf6 Rxd3 23.Qg4 Qf8 24.Re5 Rxd4 25.Qxd4 gxf6
26.Re3 e5 27.Rg3+ Kh8 28.Qh4 Ra6 29.Rd1 Rd6 30.Rd2 { ...1-0, Raceanu Valentin
2370 - Ducret Thomas 2199 , Bucharest 16.12.2004 It (open) "Revolution Memory"
} ) ( 10...a6 11.a4 e5 12.d5 Qd6 13.Nd2 Bxc3 14.bxc3 e4 15.Be2 Ne5 16.h3 Bf5
17.c4 Nfd7 18.Nf1 Bg6 19.a5 h5 20.Ra3 h4 21.Rd2 Rab8 22.Rb2 Bf5 23.Qd1 Qg6
24.Kh1 Nf3 25.Bxf3 exf3 26.Qxf3 Ne5 27.Qf4 Nd3 28.Rxd3 Bxd3 29.Nd2 b5 30.axb6
{ ...1-0, Vaisser Anatoly 2566 - Fontaine Robert 2521 , France 1. 4.2006 Ch
France (team) 2006 } ) 11.Be2 Bd7 { +0.26 CAP N } ( 11...cxd4 12.exd4 Bd7
13.Ne5 Rac8 ( 13...Nfd5 14.Nxd5 Nxd5 15.a3 Ba5 16.Bf3 Bb6 17.Bxd5 exd5 18.Be3
Be6 19.Rac1 Rac8 20.Nd3 Rc4 21.Ne5 Rcc8 22.Nd3 { 1/2-1/2, Peralta Fernando
2546 - Sundararajan Kidambi 2472 , Badalona 8.2006 It (open) } ) 14.Nxd7 (
14.Bg5 Bxc3 15.Bxf6 Qxf6 16.Nxd7 Nxd7 17.bxc3 Rc7 18.Qa3 b6 19.Qd6 Qd8 20.c4
Nf6 21.Qf4 Rd7 22.a4 Qb8 23.Qe3 Rfd8 24.a5 h6 25.h3 Qc7 26.axb6 axb6 27.Rac1
Rd6 28.Bf3 Qa7 29.Qc3 Rc8 30.Qb4 Rcd8 31.c5 { ...1/2-1/2, Ramirez Alejandro
2479 - Carlsen Magnus 2570 , Wijk aan Zee 15. 1.2005 It (cat.13) } )
14...Nfxd7 15.Bf3 Nb8 16.Bxb7 Qxb7 17.Qxb4 Rfd8 18.Be3 Nc6 19.Qb5 a6 20.Qe2
Nd5 21.Rac1 h6 22.Ne4 Nce7 23.Rxc8 Qxc8 24.Rc1 Qa8 25.Nc5 Nf5 26.Qxa6 Qxa6
27.Nxa6 Ra8 28.Nc7 Nxc7 29.Rxc7 Rxa2 30.Rc8+ Kh7 31.Rc2 { ...0-1, Larsen Bent
2625 - Andersson Ulf 2565 , Stockholm 1975 Match } ) 12.Ne5 Be8 13.a4 Rc8
14.Bd2 a5 15.Bf3 Rc7 16.dxc5 Qxc5 17.Nd3 Qc4 18.Qxc4 Nxc4 19.Be1 Bd6 20.Nb5
Bxb5 21.axb5 b6 22.b4 a4 23.Rxa4 e5 24.e4 Rfc8 25.Ra6 Kf8 26.h4 Ke7 27.Rc1 Kd8
28.g3 Bf8 29.Bg2 Bd6 30.f3 Ne3 31.Rxc7 Bxc7 32.Bh3 Rb8 33.Nb2 Ne8 34.Ra3 Nc2
35.Rd3+ Bd6 { ?! } ( 35...Nd6 { !? } 36.Bc3 f6 37.f4 exf4 38.Bd2 Rb7 39.gxf4
Ke7 40.e5 { } ) 36.Bc3 Ke7 37.Nc4 f6 38.Rd2 Nd4 39.Bxd4 exd4 40.Rxd4 Rb7
41.Ne3 g6 42.Nd5+ Kf7 43.f4 Bf8 44.Bc8 Rb8 45.Bd7 Ng7 46.Rc4 { } {#r} 1-0

[Event "Ch City"]
[Site "masterchessopen.com Voronezh (Russia)"]
[Date "2007.03.09"]
[Round "5"]
[White "Bobrov Igor (RUS)"]
[Black "Provotorov Ivan (RUS)"]
[Result "0-1"]
[WhiteElo "2179"]
[BlackElo "2401"]

1.d4 Nf6 2.c4 e6 3.Nc3 Bb4 4.e3 c5 5.Bd3 O-O 6.Nf3 d5 7.O-O dxc4 8.Bxc4 Nbd7
9.Qe2 cxd4 10.exd4 Nb6 11.Bd3 Nbd5 12.Bd2 Be7 13.Rac1 b6 14.Rfd1 Bb7 15.Ne4
Rc8 16.Neg5 Nb4 17.Bb1 Ba6 18.Qe3 Nbd5 19.Qe1 Qd6 20.Ne5 h6 21.Ne4 Nxe4
22.Qxe4 Nf6 23.Qh4 Nd7 24.Qe4 f5 25.Qe3 Nxe5 26.dxe5 Rxc1 27.Rxc1 Qd5 28.Bc3
Bg5 29.f4 Bb7 30.Qe2 Bxf4 31.Rd1 Qc5+ 32.Kh1 Bd5 33.a3 Qe3 34.Qf1 Qh3 35.Qg1
Qh5 36.Bc2 Qe2 37.Ba4 Bxe5 38.Bxe5 Qxe5 39.Rc1 Qe4 {#R} 0-1

[Event "It (cat.13)"]
[Site "masterchessopen.com Malme (Sweden)"]
[Date "2007.04.18"]
[Round "1"]
[White "Hillarp Persson Tiger (SWE)"]
[Black "Carlsson Pontus (SWE)"]
[Result "1-0"]
[WhiteElo "2567"]
[BlackElo "2481"]

{ Hillarp Persson Tiger (SWE) +4 =0 -0 Carlsson Pontus (SWE) +0 =1 -0 } 1.d4
e6 2.c4 Nf6 3.Nc3 Bb4 4.e3 O-O 5.Bd3 d5 6.Nf3 { ? } ( 6.a3 Bxc3+ 7.bxc3 dxc4
8.Bxc4 c5 9.Ne2 Nc6 10.a4 b6 11.Ba3 Qc7 12.Rc1 Rd8 13.Ng3 Bb7 14.O-O Ne5
15.Be2 Ng6 16.Qb3 Rac8 17.Rfd1 Bd5 18.Qb1 Qc6 19.Bb5 Qb7 20.f3 Bc6 21.dxc5
Rxd1+ 22.Rxd1 bxc5 23.e4 a6 24.Bf1 Qa7 25.a5 Rb8 { ...1/2-1/2, Sokolov Ivan
2670 - Leko Peter 2741 , Odessa 5. 1.2007 Cup World (active) ACP } ) 6...c5 {
? } ( 6...Nbd7 7.O-O dxc4 8.Bxc4 Bd6 9.e4 e5 10.Bg5 h6 11.Bh4 a6 12.Rc1 exd4
13.Qxd4 g5 14.Bg3 Bxg3 15.hxg3 Nb6 16.Nd5 Nbxd5 17.exd5 Qd6 18.Bb3 Re8 19.Qc5
Re7 20.Nd4 Qxc5 21.Rxc5 Kf8 22.Rfc1 Ne8 23.f3 Bd7 24.Kf2 Rd8 25.g4 { 1/2-1/2,
Babula Vlastimil 2565 - Epishin Vladimir 2583 , Graz 2001 It (open) } ) 7.O-O
dxc4 8.Bxc4 Nbd7 9.Qe2 ( 9.a3 Ba5 10.Rb1 cxd4 11.exd4 Bxc3 12.bxc3 Qc7 13.Bd3
Qxc3 14.Rb3 Qc7 15.Ne5 Nb6 16.Bg5 Nbd5 17.Bb1 b6 18.Rh3 g6 19.Qf3 Nd7 20.Rxh7
Kxh7 21.Qh5+ Kg8 22.Nxg6 f5 23.Ba2 N7f6 24.Qh8+ Kf7 25.Qxf8+ Kxg6 26.Qh6+ Kf7
27.Bxd5 Nxd5 28.Qh7+ Kf8 { ...1-0, Hillarp Persson Tiger 2549 - Hammer Jon
Ludvig 2306 , Gausdal 25. 9.2006 It (open) } ) 9...b6 10.a3 Bxc3 ( 10...cxd4
11.axb4 dxc3 12.bxc3 Qc7 13.Bb2 Bb7 14.Ba6 Bxa6 15.Rxa6 Rfc8 16.Rd1 h6 17.h3
Qb7 18.b5 Nc5 19.Raa1 a6 20.c4 axb5 21.Bxf6 gxf6 22.Rxa8 Qxa8 23.cxb5 Ne4
24.Qb2 Rc5 25.Nd4 Qd5 26.Rc1 Kg7 27.Rxc5 bxc5 28.Ne2 Qd1+ 29.Kh2 Nd6 30.Ng3 {
...0-1, Beliavsky Alexander G 2620 - Karpov Anatoly 2755 , Linares 1989 It } )
11.bxc3 Bb7 { ?/= } 12.a4 ( 12.Bb2 Qc7 13.Ba2 Rac8 14.Rad1 Ng4 15.e4 cxd4
16.cxd4 Qc2 17.Rfe1 Ngf6 18.Bb1 Qxe2 19.Rxe2 Rfd8 20.Nd2 b5 21.f3 Nb6 22.Re3
Ne8 23.Rb3 a6 24.Bc3 Na4 25.Ba1 Rc7 26.Kf2 Rdc8 27.Bd3 Nd6 28.Ke3 Ba8 29.g4
Nb7 30.Rg1 Na5 31.Rbb1 Nb6 { ...1/2-1/2, Ramirez Alejandro 2519 - Stefansson
Hannes 2549 , Santo-Domingo 2003 It (open) } ) ( 12.Bd3 Bxf3 13.Qxf3 e5 14.Bb2
Qe7 15.Qh3 Rad8 16.Bf5 Rfe8 17.Rfd1 Nf8 18.Qg3 Ng6 19.Bxg6 hxg6 20.Qxe5 Qxe5
21.dxe5 Ne4 22.Kf1 Nd2+ 23.Ke2 Nc4 24.Rxd8 Rxd8 25.Bc1 Nxe5 26.e4 Nc4 27.f3 f6
28.h4 Kf7 29.a4 Ke6 30.Bf4 Rh8 31.Bg3 Rd8 { ...1/2-1/2, Cifuentes Parada
Roberto 2500 - Piket Jeroen 2580 , Amsterdam 1996 Ch Netherlands } ) 12...Qc7
{ +0.18 CAP } 13.a5 { N } ( 13.Bb2 Rfe8 ( 13...Rfc8 14.Rfc1 Ne4 15.Nd2 Nxd2
16.Qxd2 e5 17.a5 bxa5 18.Bf1 Nf6 19.dxe5 Ne4 20.Qc2 Qxe5 21.c4 Qe7 22.f3 Ng5
23.Qc3 f6 24.Rxa5 a6 25.Rd1 Rd8 26.Raa1 Rxd1 27.Rxd1 Rd8 28.Rd3 Nf7 29.Rxd8+
Nxd8 30.Qd2 Nc6 31.Kf2 Nb4 32.g4 Bc6 { ...1/2-1/2, Verdihanov Vladislav 2418 -
Magai Vladimir 2521 , Azov 1991 Spartakiada URS } ) 14.Rfc1 e5 15.Ba6 Bxa6
16.Qxa6 e4 17.Nd2 Re6 18.Qe2 Rae8 19.Ra2 a5 20.c4 cxd4 21.Bxd4 Nd5 22.Raa1 Nb4
23.Nb3 Nd3 24.Rc3 Rg6 25.h3 f5 26.f4 Rc6 27.Nd2 N7c5 28.Rc2 Qd7 29.Kh2 Nxf4 {
0-1, Goehring Karl-Heinz 2335 - Huebner Robert Dr 2630 , Germany 1982
Bundesliga 1981/82 } ) ( 13.Ba6 Ne4 14.Bb2 Rfe8 15.Rfe1 Bxa6 16.Qxa6 {
1/2-1/2, Stojanovic Mihajlo 2476 - Cabrilo Goran 2468 , Belgrade 2002 It
(cat.7) } ) ( 13.Bd3 Rac8 14.Ra3 Qd6 15.Bb2 Ne4 16.Qc2 f5 17.Rd1 cxd4 18.Bb5
Rfd8 19.Rxd4 Qc7 20.Ra1 Ndc5 21.Rad1 Bd5 22.c4 Bb7 23.Rxd8+ Rxd8 24.Rxd8+ Qxd8
25.Ne5 a6 26.f3 axb5 27.fxe4 Bxe4 28.Qe2 bxa4 29.Qh5 Qe7 30.g4 fxg4 31.Nxg4
Nd7 32.Nh6+ gxh6 { ...0-1, Kapp Martin - Pfeiffer Alfred 2128 , Chemnitz 1998
It (open) } ) 13...e5 14.Bb2 Rac8 { ?! } ( 14...Bxf3 { !? } 15.gxf3 bxa5
16.Rfd1 Rfd8 17.Bb5 Rab8 18.Rab1 Nd5 { } ) 15.axb6 axb6 16.Nd2 Rfe8 17.f3 exd4
18.cxd4 Nd5 19.e4 cxd4 20.Bxd4 Qd6 21.Rfd1 Nf4 22.Qe3 Ne6 23.Bxe6 Qxe6 24.Nf1
Nc5 25.Ng3 Qg6 26.Rac1 Rcd8 27.Bxc5 bxc5 28.Qxc5 Rxd1+ 29.Rxd1 Qc6 30.Qd4 g6
31.Nf1 Bc8 32.Ng3 Qb5 33.f4 Bb7 34.h4 Qb3 35.Rd3 Qe6 36.h5 Bxe4 37.h6 f6
38.Re3 Qc6 39.Nxe4 { } {#r} 1-0

[Event "Cup Mitropa"]
[Site "masterchessopen.com Szeged (Hungary)"]
[Date "2007.05.08"]
[Round "1"]
[White "Bernasek Jan (CZE)"]
[Black "Ragger Markus (AUT)"]
[Result "1-0"]
[WhiteElo "2530"]
[BlackElo "2528"]

1.d4 Nf6 2.c4 e6 3.Nc3 Bb4 4.e3 O-O 5.Bd3 c5 6.Nf3 d5 7.O-O dxc4 8.Bxc4 Nbd7
9.a3 cxd4 10.axb4 dxc3 11.bxc3 Qc7 12.Be2 Nd5 13.Bb2 Nxc3 14.Qd2 Nxe2+ 15.Qxe2
Nb6 16.Rfc1 Qd8 17.Rd1 Qe7 18.Bd4 Qxb4 19.Rdb1 Qc4 20.Qb2 Na4 21.Qd2 Qc6
22.Qa5 b5 23.Rxb5 Bd7 24.Rg5 f6 25.Rxg7+ Kh8 26.Qg5 Qd5 27.Rg8+ {#r} 1-0